00380nam a2200121Ia 45000010005000000080041000050820026000461000066000722450052001382600025001909010028002159990015002432570241024s9999 xx 000 0 und d aRD/370.97293/R426l/13 aRepública Dominicana. Secretaría de Estado de Educación 0aLibros de texto y otros materiales didácticos bEd. Centenarioc2000 a23/11/2012 3:47:49 p.m. c9042d9042